La ventana de Johari: ejercicios de dinámica de grupo, de relaciones humanas y de sensibilización

Gespeichert in:
Bibliographische Detailangaben
1. Verfasser: Fritzen, Silvino José (VerfasserIn)
Format: Buch
Sprache:Spanisch
Veröffentlicht: Santander Sal terrae 1987
Schriftenreihe:Colección Proyecto
Schlagworte:
Tags: Tag hinzufügen
Keine Tags, Fügen Sie den ersten Tag hinzu!

MARC

LEADER 00000nam a2200000 a 4500
001 UCX0618
003 CL-VaPUC
008 891206e19870000SP |||||||||||||||||spa|d
082 0 4 |a 158.2  |b FRI  |2 21 
100 0 |a Fritzen, Silvino José  |e author  |9 316027 
245 1 3 |a La ventana de Johari: ejercicios de dinámica de grupo, de relaciones humanas y de sensibilización 
300 |a 133 p 
942 |c BK 
945 |d 19891206 00:00:00 
260 |a Santander  |b Sal terrae  |c 1987 
650 0 |a Dinámica de grupos   |9 259862 
650 0 |a Relaciones humanas  |9 307340 
650 0 |a Psicología social   |9 222894 
583 |a last modification  |c 19891206 00:00:00  |k Rodrigo Vera 
490 0 |a Colección Proyecto 
999 |c 222161  |d 222159 
952 |0 0  |1 0  |4 0  |6 158_200000000000000_FRI_1987  |7 0  |8 A  |9 216531  |a BIBTEO  |b BIBTEO  |d 2019-11-15  |i 2851628  |o 158.2 FRI 1987  |p 2851628  |r 2025-01-17  |w 2019-11-15  |y BK  |k ICR